000 00366 a2200169 4500
001 190642
020 _a978-85-7596-110-0
040 _cMagnum
100 _aSantos, José
240 1 0 _aRimas da floresta
_lpor
245 1 0 _aRimas da floresta
300 _a34
362 0 _a2007
440 1 _aPeirópolis
697 _aLITERATURA INFANTO-JUVENIL
942 _cBK
999 _c190642
_d190642